Gaming in the 1970s - Statistics

General Stats
  • This quiz has been taken 40 times
  • The average score is 3 of 10
Answer Stats
Year Hint Answer % Correct
1972 Digital table tennis Pong
97%
1978 Defend Earth from the invading aliens Space Invaders
87%
1971 Safely guide settlers across America via wagon Oregon Trail
71%
1976 Destroy bricks at the top of the screen using a ball Breakout
35%
1979 "WE ARE NAMCO. MISSION: DESTROY ALIENS" Galaxian
10%
1977 Top-down open wheel racer that launched with the Atari 2600 Indy 500
10%
1973 Traverse a maze to shoot your opponents in one of the earliest first-person shooters Maze
10%
1970 Text-based cowboy duel simulator High Noon
3%
1975 Adaptation of Dungeons & Dragons and one of the first computer RPGs dnd
3%
1974 Ball-and-paddle game based on volleyball Rebound
3%
No matching quizzes found
Score Distribution
Percent of People with Each Score
Percentile by Number Answered
Your Score History
You have not taken this quiz